BIBLIOTHÈQUE DE LA MAISON DU MEXIQUE

Logo 1 Logo 2

Sebastián Vizcaíno y la expansión española en el océano pacífico (notice nᵒ 10841)

détails MARC
000 -Sello discográfico
campo de control de longitud fija 01430nam a2200409 4500
005 - Identificación de versión
campo de control 20251016083759.0
035 ## - Otros números de control del sistema
Número de control del sistema 5216
099 ## - fechas locales
Tipo de ítem Koha LIBRO
100 ## - Datos de procesamiento general
Datos de procesamiento general 20040223d1973 m y1spay5003 ba
101 1# - Idioma del recurso
Idioma del texto, banda sonora, etc. Español; Castellano
Idioma de la obra original Inglés
105 ## - Campo de datos codificados: Material textual, monográfico
Datos codificados de monografía a 001zy
200 1# - Título y mención de responsabilidad
Título propio Sebastián Vizcaíno y la expansión española en el océano pacífico
Designación general del material texto impreso
Otra información del título 1580-1630
Primer mención de responsabilidad W. Michael Mathes
Declaración de responsabilidad subsiguiente traducción Ignacio del Río
210 ## - Publicación, distribución, etc.
Lugar de publicación, distribución, etc. México
Nombre del editor, distribuidor, etc. Universidad Nacional Autónoma de México, Instituto de Investigaciones Históricas
Fecha de publicación, distribución, etc. 1973
215 ## - Descripción física
Designación de material específico y extensión del ítem 143 p
Otras características físicas il.
Dimensiones 24 cm
300 ## - Notas generales
Texto de la nota Traducción de : Vizcaino and Spanish Expansion in the Pacific Ocean : 1580-1630
318 ## - Nota de acción
Acción No se presta a domicilio
345 ## - Nota de información de adquisición
Fuente de adquisición/dirección de la suscripción [OBSOLETO] Donación
410 #1 - Series
Título Serie de Historia Novohispana
Número de volumen 23
607 ## - Nombre geográfico utilizado como tema
Elemento de entrada California (Estados Unidos)
Subdivisión temática Descripción y viajes
Subdivisión cronológica Hasta 1848
Número Koha 8335
607 ## - Nombre geográfico utilizado como tema
Elemento de entrada Pacífico, Area del
Subdivisión temática Descubrimiento y exploración
Número Koha 17369
660 ## - Código de área geográfica
Código MX
676 ## - Clasificación Decimal Dewey
Número R979.4 M427s
700 ## - Nombre personal - Responsabilidad primaria
Elemento de entrada Mathes W
Parte del nombre distinta del elemento de entrada Michael
Número Koha 17370
702 ## - Nombre personal - Responsabilidad secundaria
Elemento de entrada Río
Parte del nombre distinta del elemento de entrada Ignacio del
Número Koha 17371
702 ## - Nombre personal - Responsabilidad secundaria
Elemento de entrada Vizcaíno
Parte del nombre distinta del elemento de entrada Sebastián
Fechas 1550?-1615
Número Koha 17372
801 #0 - Fuente de origen
Agencia cm
900 ## -
-- 1/6594
900 ## -
-- 7100418356\230204
942 ## - ELEMENTOS DE ENTRADA SECUNDARIOS (KOHA)
Tipo de ítem Koha Livre

Pas d'exemplaire disponible.